| 000 | 00459nam a2200169Ia 4500 | ||
|---|---|---|---|
| 003 | IN-BaIIA | ||
| 008 | 211028s9999 xx 000 0 eng d | ||
| 040 | _cIIA Library | ||
| 080 |
_a519.8 _bVAJ |
||
| 100 |
_aVajda, S. _94614 |
||
| 245 | 3 |
_aAn introduction to linear programming and the theory of games _cS. Vajda |
|
| 260 |
_aLondon _bMethuen _c1960 |
||
| 300 | _a76p. | ||
| 650 |
_aLinear programming _94615 |
||
| 650 |
_aTheory of games _94616 |
||
| 942 | _cBK | ||
| 999 |
_c2598 _d2598 |
||